000 00368nam a2200145Ia 4500
008 230917s9999||||xx |||||||||||||| ||und||
040 _e167224
_aMAIN
041 _aEnglish
082 _a338.4791 R199M
100 _aRawat, Taj
245 0 _aMountain tourism: Research and development
260 _aNew Delhi
_bSarup & Sons
_c2010
300 _a211 p.
942 _cBK
999 _c153438
_d153438